| 000 | 00692nam a2200229 i 4500 | ||
|---|---|---|---|
| 001 | 16043 | ||
| 003 | BD-RjUL | ||
| 005 | 20211208235935.0 | ||
| 008 | 140211s1962 ua b 00100 eng d | ||
| 035 | _a(BD-RjUL)16098 | ||
| 040 |
_aDLC _beng _cDLC _dBD-RjUL |
||
| 041 | _aeng | ||
| 082 | 0 | 0 |
_a658.15 _bGOI 1962 |
| 100 | 1 |
_aGordon, Myron J. _948933 |
|
| 245 | 1 | 4 |
_aThe investment, financing, and valuation of the corporation / _cby Myron J. Gordon. |
| 260 | 0 |
_aHomewood, Ill. : _bIrwin, _c1962. |
|
| 300 |
_axiv, 256 p. : _bill. ; _c24 cm. |
||
| 490 | 0 | _aIrwin series in economics | |
| 504 | _aIncludes bibliography and index. | ||
| 650 | 0 |
_aCorporations _xFinance. _949674 |
|
| 942 |
_2ddc _cBK |
||
| 999 |
_c16043 _d16043 |
||